RNDr. Milan Háber, CSc., sedemdesiatročný

Bibliographic Details
Main Author: Andráš, Peter, 1953- (Author)
Format: Article
Language:Slovak
PhysicalDescription:Fotogr.
ISSN:0369-2086
Subjects:

MARC

LEADER 00000nab a2200000 a 4500
001 vtls010256050
003 SK-MaSNL
005 20260304155739.0
008 25050731c2007 xo o e slol
015 |a SNBRB2008/01 
035 |a SVKKK000087958 
035 |a (urnnbn)urn:nbn:sk:snk:ar-005jta 
035 |a (uuid)f0de3403-6c0e-4fa2-abe5-8662fd1f0c69 
035 |a urn:nbn:sk:snk-ab80bh 
038 |a SVKKK 
040 |a SNKBUCL  |b slo  |c SNKBUCL  |e AACR2 
041 0 |a slo 
044 |a xo  |c SK 
080 |a 55-051  |2 1997 
080 |a 992 Háber, Milan  |2 1997 
100 1 |a Andráš, Peter,  |d 1953-  |4 aut  |9 114910 
245 1 0 |a RNDr. Milan Háber, CSc., sedemdesiatročný  |c P. Andráš 
300 |b Fotogr. 
504 |a Bibliogr. odkazy 
600 1 7 |a Háber, Milan,  |d 1937-  |2 snkbucl  |9 116515 
773 0 |t Mineralia slovaca  |g Roč. 39, č. 3 (2007)  |g Č. 3 (2007), s. 23-24  |x 0369-2086  |x 0369-2086 
773 0 |t [Príl.] Geovestník  |g Roč. 39, č. 3 (2007)  |g Č. 3 (2007), s. 23-24  |x 0369-2086  |x 0369-2086 
850 |a Slovenská národná knižnica 
852 |a Slovenská národná knižnica 
954 |a odborná, vedecká literatúra pôvodná (slovenská)  |2 lita 
958 |a article9 
958 |a OND 
958 |a BX 
958 |a NB 
958 |a EUIPO 
999 |c 2964039  |d 2965969